Property Information Questionnaire (PIQ) (Record no. 109047)

MARC details
000 -LEADER
fixed length control field 01121cad a22002175a 4500
001 - CONTROL NUMBER
control field L146106
008 - FIXED-LENGTH DATA ELEMENTS--GENERAL INFORMATION
fixed length control field 081210e20081209xxkd f f000 0 eng d
035 ## - SYSTEM CONTROL NUMBER
System control number (Sirsi) u146106
041 0# - LANGUAGE CODE
Language code of text/sound track or separate title eng
050 04 - LIBRARY OF CONGRESS CALL NUMBER
Classification number 333.33 $2 18
110 2# - MAIN ENTRY--CORPORATE NAME
Corporate name or jurisdiction name as entry element United Kingdom
Subordinate unit Department for Communities and Local Government
9 (RLIN) 4939
245 00 - TITLE STATEMENT
Title Property Information Questionnaire (PIQ)
Remainder of title new homes version
Medium [electronic resource]
260 ## - PUBLICATION, DISTRIBUTION, ETC.
Place of publication, distribution, etc. London
Name of publisher, distributor, etc. DCLG
Date of publication, distribution, etc. 2008
520 ## - SUMMARY, ETC.
Summary, etc. The Property Information Questionnaire (PIQ) has been designed to simplify the process of collating the information required for Home Information Packs (HIPs), to allow sellers to complete these without professional assistance. This version of the PIQ is intended for those selling new homes.
521 ## - TARGET AUDIENCE NOTE
Target audience note General
590 ## - LOCAL NOTE (RLIN)
Local note KA
651 #4 - SUBJECT ADDED ENTRY--GEOGRAPHIC NAME
Geographic name England and Wales
Chronological subdivision 1543-
690 ## - LOCAL SUBJECT ADDED ENTRY--TOPICAL TERM (OCLC, RLIN)
Topical term or geographic name as entry element PROPERTY-RESIDENTIAL PROPERTY-ACQUISITION AND DISPOSAL OF RESIDENTIAL PROPERTY-HOME BUYING REFORM
856 40 - ELECTRONIC LOCATION AND ACCESS
Uniform Resource Identifier <a href="https://www.communities.gov.uk/publications/housing/propertyinformationquestionnew">https://www.communities.gov.uk/publications/housing/propertyinformationquestionnew</a>
Public note View the item free of charge online at www.communities.gov.uk...
942 ## - ADDED ENTRY ELEMENTS (KOHA)
Suppress in OPAC 0
Holdings
Withdrawn status Lost status Source of classification or shelving scheme Damaged status Not for loan Home library Current library Shelving location Date acquired Total Checkouts Full call number Barcode Date last seen Copy number Price effective from Koha item type
    Dewey Decimal Classification     Virtual Virtual Online 10/12/2008   ONLINE PUBLICATION 146106-1001 06/08/2019 1 06/08/2019 Book